| 000 | 01518cam a2200385 a 4500 | ||
|---|---|---|---|
| 005 | 20260322212034.0 | ||
| 008 | data | ||
| 010 | _a 2007923093 | ||
| 020 | _a9780738548005 (pbk.) | ||
| 020 | _a0738548006 (pbk.) | ||
| 040 |
_aBTCTA _cBTCTA _dDLC _dWIH _dYDXCP _dDLC |
||
| 042 | _alccopycat | ||
| 043 | _an-us-az | ||
| 050 | 0 | 0 |
_aF819.S42 _bH45 2007 |
| 082 | 0 | 0 |
_a979.1833 _222 |
| 092 | _a979.183 H45 2007 | ||
| 100 | 1 | _aHeidinger, Lisa Schnebly. | |
| 245 | 1 | 0 |
_aSedona / _cLisa Schnebly Heidinger ... [et al.]. |
| 260 |
_aCharleston, SC : _bArcadia Pub. _cc2007. |
||
| 300 |
_a127 p. : _bill. ; _c24 cm. |
||
| 440 | 0 | _aImages of America | |
| 500 | _a"In partnership with the Arizona Historical Foundation"--P. [4] of cover. | ||
| 504 | _aIncludes bibliographical references (p. 127). | ||
| 650 | 0 |
_aHistoric buildings _zSedona _zSedona _vPictorial works. |
|
| 651 | 0 |
_aSedona (Ariz.) _xHistory _vPictorial works. |
|
| 651 | 0 |
_aSedona (Ariz.) _xSocial life and customs _vPictorial works. |
|
| 651 | 0 |
_aSedona (Ariz.) _vPictorial works. _vPictorial works. |
|
| 700 | 1 | _aTrevillyan, Janeen. | |
| 710 | 2 | _aSedona Historical Society (Sedona, Ariz.) | |
| 710 | 2 | _aArizona Historical Foundation. | |
| 856 | 4 | 2 |
_3Publisher description _uhttp://www.loc.gov/catdir/enhancements/fy0728/2007923093-d.html |
| 856 | 4 | 2 |
_3Contributor biographical information _uhttp://www.loc.gov/catdir/enhancements/fy0733/2007923093-b.html |
| 856 | 4 | 1 |
_3Table of contents _uhttp://www.loc.gov/catdir/toc/fy0803/2007923093.html |
| 001 | data | ||
| 999 |
_c793 _d793 |
||